|
|
|
|
| LEADER |
00000nam a22000007a 4500 |
| 005 |
2021090702422.0 |
| 007 |
cr|||| |||| |
| 008 |
210907s2021 br |||||s|||| 00||0 por d |
| 020 |
|
|
|a 978-65-5515-221-0
|
| 035 |
|
|
|a 35145
|
| 040 |
|
|
|a vLex
|
| 090 |
|
|
|c 12279
|d 12279
|
| 245 |
0 |
0 |
|a Contratos, faml̕ia e sucesse̳s
|h [Recurso electrn̤ico] :
|b Dil̀ogos interdisciplinares - 2020
|
| 250 |
|
|
|a Primera Edicin̤
|
| 256 |
|
|
|a Servicio en ln̕ea
|
| 260 |
|
|
|a San Pablo:
|b Editora Foco,
|c 2021
|
| 300 |
|
|
|a 1 recurso electrn̤ico
|
| 506 |
1 |
|
|a Disponible solo en los productos indicados
|d vLex Global
|d vLex Global (Academic Edition, excluding Law Schools)
|d vLex Global (U.S. Academic Edition, Law Schools)
|d vLex Global (U.S. Academic Edition, excluding Law Schools)
|d vLex Global (Academic Edition, Law Schools)
|
| 650 |
0 |
4 |
|a Derecho Civil
|z Brasil
|
| 740 |
0 |
|
|a vLex Libros (Servicio en ln̕ea)
|
| 856 |
4 |
0 |
|u https://app.vlex.com/#/sources/35145
|z Acceso restringido
|
| 942 |
|
|
|c BOOK
|
| 999 |
0 |
|
|a Civil Law
|